[Event "Kecskemet op1"]
[Site "Kecskemet"]
[Date "1989.??.??"]
[Round "?"]
[White "Ubilava, Elizbar"]
[Black "Petran, Pal"]
[Result "1-0"]
[WhiteElo "2525"]
[BlackElo "2455"]
[PlyCount "97"]
[EventDate "1989.07.??"]
[EventType "swiss"]
[EventRounds "9"]
[EventCountry "HUN"]
[SourceTitle "TD"]
[Source "ChessBase"]
[SourceDate "1994.03.01"]
[SourceVersion "1"]
[SourceVersionDate "1994.03.01"]
[SourceQuality "1"]

1. c4 Nf6 2. Nc3 c5 3. Nf3 Nc6 4. d4 cxd4 5. Nxd4 e6 6. g3 Qb6 7. Ndb5 Bc5 8.
Nd6+ Ke7 9. Nde4 Nxe4 10. Nxe4 Bb4+ 11. Bd2 d5 12. cxd5 exd5 13. Nc3 Be6 14.
Bg2 Rhd8 15. O-O Kf8 16. Na4 Qa5 17. Bxb4+ Qxb4 18. Rc1 d4 19. Nc5 Bd5 20. Bxd5
Rxd5 21. Qc2 Re8 22. Nd3 Qb5 23. a4 Qa5 24. b4 Qd8 25. b5 Ne5 26. Nxe5 Rexe5
27. Qxh7 Rh5 28. Qc2 a6 29. bxa6 bxa6 30. Rfd1 Rhe5 31. Rd2 Rxe2 32. Rxe2 d3
33. Qd2 dxe2 34. Qxe2 Rd6 35. h4 g6 36. h5 Qg5 37. Rc8+ Kg7 38. hxg6 Qxg6 39.
Qe5+ Qf6 40. Qe8 Rd1+ 41. Kg2 Qd6 42. Qh8+ Kg6 43. Rg8+ Kf5 44. Qh5+ Ke6 45.
Re8+ Kf6 46. Qh6+ Kf5 47. g4+ Kxg4 48. Rg8+ Kf5 49. Qg5+ 1-0

[Event "URS-sf"]
[Site "Daugavpils"]
[Date "1989.??.??"]
[Round "?"]
[White "Ubilava, Elizbar"]
[Black "Vitolinsh, Alvis"]
[Result "1-0"]
[WhiteElo "2525"]
[BlackElo "2425"]
[PlyCount "79"]
[EventDate "1989.11.??"]
[EventType "tourn"]
[EventRounds "15"]
[EventCountry "URS"]
[EventCategory "9"]
[SourceTitle "CBM 016"]
[Source "ChessBase"]
[SourceDate "1990.06.01"]
[SourceVersion "1"]
[SourceVersionDate "1990.06.01"]
[SourceQuality "1"]

1. c4 e6 2. Nc3 Bb4 3. Qc2 Ne7 4. a3 Bxc3 5. Qxc3 O-O 6. d4 b6 7. Nf3 Bb7 8. g3
c5 9. dxc5 bxc5 10. Bg2 d6 11. O-O Qc7 12. Rd1 Nbc6 13. b4 e5 14. e3 f6 15. Nd2
Nd8 16. Bxb7 cxb4 17. axb4 Qxb7 18. b5 Nf7 19. Qd3 f5 20. Ra6 Ng5 21. Qf1 d5
22. h4 Nf7 23. Ba3 Rfe8 24. Re6 Ng6 25. Rc6 e4 26. cxd5 Nge5 27. Nb3 Nf3+ 28.
Kh1 N7e5 29. Nd4 Nxd4 30. Rxd4 Nxc6 31. bxc6 Qb3 32. Qc1 f4 33. gxf4 Rec8 34.
Qb2 Qxb2 35. Bxb2 Rd8 36. Ba3 Kf7 37. Kg2 a5 38. f3 exf3+ 39. Kxf3 a4 40. Ke4
1-0

[Event "Benasque"]
[Site "Benasque"]
[Date "1990.??.??"]
[Round "?"]
[White "Ubilava, Elizbar"]
[Black "Bellon Lopez, Juan Manuel"]
[Result "1-0"]
[WhiteElo "2515"]
[BlackElo "2445"]
[PlyCount "87"]
[EventDate "1990.??.??"]
[EventType "tourn"]
[EventRounds "9"]
[EventCountry "ESP"]
[EventCategory "7"]
[SourceTitle "EXT 2000"]
[Source "ChessBase"]
[SourceDate "1999.11.16"]
[SourceVersion "1"]
[SourceVersionDate "1999.11.16"]
[SourceQuality "1"]

1. c4 c5 2. Nc3 Nc6 3. g3 g6 4. Bg2 Bg7 5. e3 e5 6. Nge2 Nge7 7. a3 O-O 8. O-O
a5 9. Nd5 Nxd5 10. cxd5 Ne7 11. Nc3 d6 12. Rb1 b5 13. Nxb5 Ba6 14. a4 Qb6 15.
Qb3 Rfb8 16. d3 Bxb5 17. Qxb5 Qxb5 18. axb5 Rxb5 19. e4 Rb3 20. Rd1 a4 21. Ra1
Nc8 22. Ra2 Nb6 23. Bf1 h5 24. Bd2 Kh7 25. Rda1 a3 26. Rxa3 Raxa3 27. bxa3 Na4
28. Be2 Rb2 29. Bd1 Rxd2 30. Bxa4 Bf6 31. Bb5 Rb2 32. a4 Bd8 33. Bc4 Ba5 34.
Ra2 Rb1+ 35. Kg2 g5 36. h4 Kg6 37. hxg5 Kxg5 38. Re2 h4 39. gxh4+ Kxh4 40. Re3
Kg5 41. Rf3 Kg6 42. Rg3+ Kh7 43. Bb5 Bd2 44. Be8 1-0

[Event "Benasque"]
[Site "Benasque"]
[Date "1990.??.??"]
[Round "2"]
[White "Martin Gonzalez, Angel"]
[Black "Ubilava, Elizbar"]
[Result "0-1"]
[WhiteElo "2415"]
[BlackElo "2515"]
[PlyCount "80"]
[EventDate "1990.??.??"]
[EventType "tourn"]
[EventRounds "9"]
[EventCountry "ESP"]
[EventCategory "7"]
[SourceTitle "EXT 2000"]
[Source "ChessBase"]
[SourceDate "1999.11.16"]
[SourceVersion "1"]
[SourceVersionDate "1999.11.16"]
[SourceQuality "1"]

1. e4 c5 2. Nf3 d6 3. d4 cxd4 4. Nxd4 Nf6 5. Nc3 Nc6 6. Bc4 Na5 7. Bd3 g6 8.
Be3 Bg7 9. f3 O-O 10. h4 d5 11. e5 Nh5 12. g4 Ng3 13. Rg1 Bxe5 14. f4 Bxd4 15.
Bxd4 Nc6 16. Bf2 Ne4 17. Nxe4 dxe4 18. Bxe4 Be6 19. Qxd8 Rfxd8 20. Rd1 Rxd1+
21. Kxd1 Rd8+ 22. Kc1 Bd5 23. Bxd5 Rxd5 24. Rd1 Rxd1+ 25. Kxd1 f5 26. g5 Kf7
27. Kd2 e5 28. fxe5 Ke6 29. Kc3 Kxe5 30. Kc4 Ke4 31. b4 f4 32. b5 Ne5+ 33. Kc3
b6 34. Kd2 Nc4+ 35. Kc3 Na3 36. Kb4 Nxc2+ 37. Kb3 Kf3 38. Bxb6 axb6 39. a4 Nd4+
40. Kc4 Ke4 0-1

[Event "Rome op"]
[Site "Rome"]
[Date "1990.??.??"]
[Round "4"]
[White "Ubilava, Elizbar"]
[Black "Barlov, Dragan"]
[Result "1-0"]
[WhiteElo "2515"]
[BlackElo "2520"]
[PlyCount "71"]
[EventDate "1990.02.??"]
[EventType "swiss"]
[EventRounds "9"]
[EventCountry "ITA"]
[SourceTitle "TD"]
[Source "ChessBase"]
[SourceDate "1994.03.01"]
[SourceVersion "1"]
[SourceVersionDate "1994.03.01"]
[SourceQuality "1"]

1. c4 e5 2. Nc3 Bb4 3. Nd5 Ba5 4. b4 c6 5. bxa5 cxd5 6. cxd5 Nf6 7. e4 O-O 8.
Qa4 d6 9. d3 Na6 10. Nf3 b5 11. axb6 axb6 12. Be2 Bd7 13. Qd1 Nc5 14. O-O Ba4
15. Qd2 Nfd7 16. Rb1 Re8 17. Qb2 Ra5 18. Bd2 Ra8 19. Bc3 Nf8 20. Rfc1 Ng6 21.
Bd2 Rb8 22. Be3 Bd7 23. Nd2 b5 24. Bxc5 dxc5 25. Rxc5 Nf4 26. Bf1 Qg5 27. Nf3
Qh5 28. d6 f6 29. d4 Bg4 30. Qb3+ Kh8 31. Ne1 Ne6 32. d7 Red8 33. Rxb5 Rxb5 34.
Qxb5 exd4 35. f3 Qxb5 36. Rxb5 1-0

[Event "New York op"]
[Site "New York"]
[Date "1990.??.??"]
[Round "1"]
[White "Edelman, Daniel"]
[Black "Ubilava, Elizbar"]
[Result "0-1"]
[WhiteElo "2360"]
[BlackElo "2515"]
[PlyCount "74"]
[EventDate "1990.04.??"]
[EventType "swiss"]
[EventRounds "9"]
[EventCountry "USA"]
[SourceTitle "CBM 016 Extra"]
[Source "ChessBase"]
[SourceDate "1990.07.01"]
[SourceVersion "1"]
[SourceVersionDate "1990.07.01"]
[SourceQuality "1"]

1. e4 c5 2. Nf3 d6 3. d4 cxd4 4. Nxd4 Nf6 5. Nc3 Nc6 6. Be3 e5 7. Nf3 Be7 8.
Bc4 O-O 9. O-O Na5 10. Bb3 Be6 11. Qe2 a6 12. Rfd1 Qc7 13. Bg5 Rac8 14. Nh4 g6
15. Qd2 Rfd8 16. Nf5 gxf5 17. exf5 Bc4 18. Bxf6 Bxf6 19. Ne4 Kg7 20. Ng3 Kh8
21. Nh5 Bh4 22. Qh6 f6 23. Nxf6 Bxf6 24. Qxf6+ Qg7 25. Rxd6 Qxf6 26. Rxf6 Nxb3
27. axb3 Bb5 28. c4 Rc6 29. Rxc6 Bxc6 30. h4 Kg7 31. g4 Kf6 32. Kh2 h5 33. gxh5
Rh8 34. Kg3 Rxh5 35. f4 exf4+ 36. Kxf4 Rxh4+ 37. Kg3 Rd4 0-1

[Event "Euskadi-Georgia"]
[Site "Euskadi"]
[Date "1991.??.??"]
[Round "?"]
[White "Gomez Esteban, Juan Mario"]
[Black "Ubilava, Elizbar"]
[Result "0-1"]
[WhiteElo "2400"]
[BlackElo "2535"]
[PlyCount "64"]
[EventDate "1991.??.??"]
[EventType "schev"]
[EventRounds "5"]
[EventCountry "ESP"]
[SourceTitle "EXT 1997"]
[Source "ChessBase"]
[SourceDate "1996.11.15"]
[SourceVersion "1"]
[SourceVersionDate "1996.11.15"]
[SourceQuality "1"]

1. d4 Nf6 2. c4 g6 3. g3 Bg7 4. Bg2 O-O 5. Nc3 d6 6. Nf3 Nbd7 7. O-O e5 8. e4
a6 9. Re1 exd4 10. Nxd4 Ne5 11. b3 c5 12. Nc2 Ne8 13. Bb2 Rb8 14. Ne3 b5 15. f4
Nc6 16. Rb1 Nc7 17. Ncd5 Nd4 18. Nxc7 Qxc7 19. Nd5 Qa5 20. cxb5 axb5 21. a3 Be6
22. b4 Qa7 23. Kh1 Bxd5 24. exd5 c4 25. Re4 Nb3 26. Qc2 Bxb2 27. Qxb2 Ra8 28.
Rbe1 Qxa3 29. Qf6 Qxb4 30. h4 Nc5 31. Qxd6 Rad8 32. Qe7 Rd7 0-1

[Event "Euskadi-Georgia"]
[Site "Euskadi"]
[Date "1991.??.??"]
[Round "?"]
[White "Izeta Txabarri, Felix"]
[Black "Ubilava, Elizbar"]
[Result "0-1"]
[WhiteElo "2380"]
[BlackElo "2535"]
[PlyCount "68"]
[EventDate "1991.??.??"]
[EventType "schev"]
[EventRounds "5"]
[EventCountry "ESP"]
[SourceTitle "EXT 1997"]
[Source "ChessBase"]
[SourceDate "1996.11.15"]
[SourceVersion "1"]
[SourceVersionDate "1996.11.15"]
[SourceQuality "1"]

1. d4 Nf6 2. Nf3 g6 3. c4 Bg7 4. Nc3 O-O 5. Bg5 d6 6. e3 h6 7. Bh4 c5 8. Be2
cxd4 9. exd4 Nh5 10. O-O g5 11. Bg3 f5 12. Ne1 Nxg3 13. hxg3 e5 14. Nc2 Nc6 15.
d5 Nd4 16. Nxd4 exd4 17. Na4 Bd7 18. Rc1 Qa5 19. b3 Rae8 20. Qc2 Re7 21. Bd3 f4
22. gxf4 Rxf4 23. c5 Be5 24. c6 Bc8 25. b4 Qxb4 26. Rb1 Qa3 27. Rfd1 Kg7 28.
cxb7 Bxb7 29. Bc4 Bc8 30. Rb8 Bf5 31. Bd3 Bd7 32. Bb5 Bxb5 33. Rxb5 d3 34. Qc8
Qxa4 0-1

[Event "Euskadi-Georgia"]
[Site "Euskadi"]
[Date "1991.??.??"]
[Round "?"]
[White "Ubilava, Elizbar"]
[Black "Alvarez Ibarra, Rafael"]
[Result "1-0"]
[WhiteElo "2535"]
[BlackElo "2360"]
[PlyCount "57"]
[EventDate "1991.??.??"]
[EventType "schev"]
[EventRounds "5"]
[EventCountry "ESP"]
[SourceTitle "EXT 1997"]
[Source "ChessBase"]
[SourceDate "1996.11.15"]
[SourceVersion "1"]
[SourceVersionDate "1996.11.15"]
[SourceQuality "1"]

1. c4 Nf6 2. Nc3 d5 3. cxd5 Nxd5 4. e4 Nxc3 5. bxc3 g6 6. h4 h5 7. Nf3 Bg7 8.
Ng5 Nd7 9. d4 O-O 10. e5 Nb6 11. Bd3 c5 12. e6 f5 13. O-O Nd5 14. dxc5 Qc7 15.
Qb3 Qxc5 16. c4 Nf6 17. Ba3 Qc7 18. c5 Ng4 19. Nf3 Bf6 20. Rad1 Kg7 21. Bb5 b6
22. Rc1 a6 23. Bd7 bxc5 24. Rxc5 Qb7 25. Qxb7 Bxb7 26. Ng5 Bc8 27. Rfc1 Rb8 28.
Rxc8 Rfxc8 29. Rxc8 1-0

[Event "Pamplona op"]
[Site "Pamplona"]
[Date "1991.??.??"]
[Round "4"]
[White "Izeta Txabarri, Felix"]
[Black "Ubilava, Elizbar"]
[Result "0-1"]
[WhiteElo "2380"]
[BlackElo "2535"]
[PlyCount "90"]
[EventDate "1991.??.??"]
[EventType "swiss"]
[EventRounds "11"]
[EventCountry "ESP"]
[SourceTitle "EXT 2000"]
[Source "ChessBase"]
[SourceDate "1999.11.16"]
[SourceVersion "1"]
[SourceVersionDate "1999.11.16"]
[SourceQuality "1"]

1. e4 c5 2. Nf3 d6 3. c3 Nf6 4. Be2 Bd7 5. d3 Nc6 6. O-O e6 7. Re1 Be7 8. Bf1
Rc8 9. a3 O-O 10. b4 e5 11. h3 a6 12. Nbd2 b5 13. Nb3 Qc7 14. Bg5 Nd8 15. d4
Ne6 16. Bxf6 Bxf6 17. bxc5 dxc5 18. dxe5 Be7 19. c4 Bc6 20. Qc2 Rfd8 21. Red1
Rxd1 22. Rxd1 b4 23. Ra1 a5 24. axb4 a4 25. Nxc5 Nxc5 26. bxc5 Bxc5 27. Bd3 a3
28. Ra2 h6 29. Kh1 Rd8 30. Qc3 Qb6 31. Nh4 Qb4 32. Qxb4 Bxb4 33. Bc2 Rd2 34.
Bb3 Rd3 35. Bc2 Rc3 36. f3 Rxc2 37. Rxc2 Ba4 38. Rc1 a2 39. Nf5 Bc3 40. f4 Bc2
41. c5 Bxe4 42. Nd6 Bb1 43. Rxc3 a1=Q 44. Rc1 Qb2 45. Rc4 Ba2 0-1

[Event "Pamplona op"]
[Site "Pamplona"]
[Date "1991.??.??"]
[Round "9"]
[White "Ubilava, Elizbar"]
[Black "Alvarez Ibarra, Rafael"]
[Result "1-0"]
[WhiteElo "2535"]
[BlackElo "2355"]
[PlyCount "99"]
[EventDate "1991.??.??"]
[EventType "swiss"]
[EventRounds "11"]
[EventCountry "ESP"]
[SourceTitle "EXT 2000"]
[Source "ChessBase"]
[SourceDate "1999.11.16"]
[SourceVersion "1"]
[SourceVersionDate "1999.11.16"]
[SourceQuality "1"]

1. g3 c5 2. c4 g6 3. Bg2 Bg7 4. Nc3 Nc6 5. a3 Nf6 6. Rb1 a5 7. d3 O-O 8. e4 d6
9. Nge2 Bg4 10. f3 Bd7 11. Bg5 Ne8 12. Qd2 Nc7 13. Bh6 Bxh6 14. Qxh6 e6 15. h4
Qf6 16. h5 Qg7 17. hxg6 Qxh6 18. Rxh6 hxg6 19. Kd2 Kg7 20. Rbh1 Rh8 21. Rxh8
Rxh8 22. Rxh8 Kxh8 23. Bh3 Kg7 24. f4 Kf8 25. Na4 Na8 26. e5 Nd4 27. Nec3 Bc6
28. exd6 b6 29. Nb5 Nxb5 30. cxb5 Bxb5 31. Nc3 Bc6 32. Ne4 f5 33. Ng5 Bd5 34.
d4 Ke8 35. Bf1 c4 36. a4 b5 37. axb5 Nb6 38. Kc2 Nc8 39. Nf7 Kd7 40. Bxc4 Bxc4
41. Ne5+ Kxd6 42. Nxc4+ Kd5 43. Kd3 a4 44. Ne3+ Kd6 45. Kc4 Nb6+ 46. Kb4 Kc7
47. Nc4 Nd5+ 48. Kc5 Nf6 49. b6+ Kb8 50. Kd6 1-0

[Event "Ponferrada op"]
[Site "Ponferrada"]
[Date "1991.??.??"]
[Round "1"]
[White "Ubilava, Elizbar"]
[Black "Garcia Abrante, Jose Luis"]
[Result "1-0"]
[WhiteElo "2535"]
[BlackElo "2335"]
[PlyCount "37"]
[EventDate "1991.??.??"]
[EventType "swiss"]
[EventRounds "9"]
[EventCountry "ESP"]
[SourceTitle "EXT 1999"]
[Source "ChessBase"]
[SourceDate "1998.11.16"]
[SourceVersion "1"]
[SourceVersionDate "1998.11.16"]
[SourceQuality "1"]

1. c4 c5 2. g3 Nf6 3. Bg2 d5 4. cxd5 Nxd5 5. Nc3 Nc7 6. a3 Nc6 7. Nf3 e5 8. b4
cxb4 9. axb4 f6 10. b5 Nd4 11. Qa4 Qd7 12. Rb1 Nxf3+ 13. Bxf3 Be7 14. O-O O-O
15. Ba3 Kh8 16. b6 Bxa3 17. Qxa3 Ne6 18. bxa7 Rd8 19. Nd5 1-0

[Event "Toledo"]
[Site "Toledo"]
[Date "1991.??.??"]
[Round "7"]
[White "Gomez Esteban, Juan Mario"]
[Black "Ubilava, Elizbar"]
[Result "0-1"]
[WhiteElo "2400"]
[BlackElo "2535"]
[PlyCount "74"]
[EventDate "1991.02.??"]
[EventType "tourn"]
[EventRounds "9"]
[EventCountry "ESP"]
[EventCategory "8"]
[SourceTitle "CBM 022"]
[Source "ChessBase"]
[SourceDate "1991.06.01"]
[SourceVersion "1"]
[SourceVersionDate "1991.06.01"]
[SourceQuality "1"]

1. d4 Nf6 2. Nf3 g6 3. c4 Bg7 4. g3 O-O 5. Bg2 c6 6. Nc3 d5 7. cxd5 cxd5 8. Ne5
e6 9. O-O Nfd7 10. f4 Nc6 11. Be3 Nb6 12. Bf2 Bd7 13. e4 Ne7 14. Nxd7 Qxd7 15.
e5 Rac8 16. Qd3 Nc4 17. b3 Na3 18. Na4 b6 19. Rfc1 Rxc1+ 20. Rxc1 Rc8 21. Qd2
Bf8 22. Bf1 Nc6 23. Qb2 Rc7 24. Nc5 bxc5 25. dxc5 Nc4 26. bxc4 d4 27. Bg2 Bxc5
28. Qb5 Nb4 29. Qxd7 Rxd7 30. Rb1 Kg7 31. Kf1 Nxa2 32. Rb8 Bb4 33. Bc6 Rc7 34.
Ba4 d3 35. Bb3 d2 36. Ke2 Rd7 37. Ba4 Nc3+ 0-1

[Event "San Sebastian op"]
[Site "San Sebastian"]
[Date "1991.??.??"]
[Round "2"]
[White "Ubilava, Elizbar"]
[Black "Lakunza Oyarbide, Juan Carlos"]
[Result "1-0"]
[WhiteElo "2535"]
[BlackElo "2355"]
[PlyCount "81"]
[EventDate "1991.03.??"]
[EventType "swiss"]
[EventRounds "9"]
[EventCountry "ESP"]
[SourceTitle "TD"]
[Source "ChessBase"]
[SourceDate "1994.03.01"]
[SourceVersion "1"]
[SourceVersionDate "1994.03.01"]
[SourceQuality "1"]

1. c4 Nf6 2. Nc3 g6 3. g3 Bg7 4. Bg2 O-O 5. d3 e5 6. b4 Nc6 7. Rb1 Re8 8. e3
Ne7 9. e4 c6 10. Bg5 h6 11. Bxf6 Bxf6 12. Nge2 d6 13. O-O Be6 14. Qd2 Bg7 15.
f4 f5 16. b5 Qc7 17. Rb3 Rad8 18. bxc6 bxc6 19. Rfb1 Bc8 20. Kh1 Kh7 21. Ra3
fxe4 22. Nxe4 d5 23. cxd5 Nxd5 24. fxe5 Rxe5 25. Nf4 Nxf4 26. Qxf4 Qe7 27. Rab3
Ba6 28. Qe3 Red5 29. Rd1 Bc4 30. Rbb1 Bxa2 31. Rbc1 Bb3 32. Rd2 a5 33. h4 a4
34. Ng5+ Qxg5 35. hxg5 Rxg5 36. d4 Rh5+ 37. Kg1 Bd5 38. Qe7 Rb8 39. Bxd5 Rxd5
40. Rxc6 Rbd8 41. Rc7 1-0

[Event "San Sebastian op"]
[Site "San Sebastian"]
[Date "1991.??.??"]
[Round "8"]
[White "Ubilava, Elizbar"]
[Black "Paglilla, Carlos"]
[Result "1-0"]
[WhiteElo "2535"]
[BlackElo "2385"]
[PlyCount "55"]
[EventDate "1991.03.??"]
[EventType "swiss"]
[EventRounds "9"]
[EventCountry "ESP"]
[SourceTitle "TD"]
[Source "ChessBase"]
[SourceDate "1994.03.01"]
[SourceVersion "1"]
[SourceVersionDate "1994.03.01"]
[SourceQuality "1"]

1. c4 c5 2. Nf3 Nf6 3. Nc3 Nc6 4. e3 e6 5. d4 d5 6. a3 Be7 7. dxc5 Bxc5 8. b4
Bd6 9. cxd5 exd5 10. Nb5 Bb8 11. Bb2 a5 12. Nbd4 axb4 13. axb4 Rxa1 14. Qxa1
O-O 15. b5 Ne5 16. Be2 Nc4 17. Bc3 Ne4 18. Bb4 Re8 19. O-O Qf6 20. Qa8 Bc7 21.
Rc1 Bxh2+ 22. Kxh2 Nxf2 23. Bxc4 Qh6+ 24. Kg1 Nh3+ 25. Kf1 Qxe3 26. Rc2 dxc4
27. Re2 Qd3 28. Ne1 1-0

[Event "Elgoibar 01st"]
[Site "Elgoibar"]
[Date "1991.??.??"]
[Round "1"]
[White "Ubilava, Elizbar"]
[Black "Izeta Txabarri, Felix"]
[Result "1-0"]
[WhiteElo "2535"]
[BlackElo "2380"]
[PlyCount "109"]
[EventDate "1991.12.??"]
[EventType "tourn"]
[EventRounds "9"]
[EventCountry "ESP"]
[EventCategory "7"]
[SourceTitle "EXT 1997"]
[Source "ChessBase"]
[SourceDate "1996.11.15"]
[SourceVersion "1"]
[SourceVersionDate "1996.11.15"]
[SourceQuality "1"]

1. c4 Nf6 2. Nc3 c5 3. g3 g6 4. Bg2 Bg7 5. a3 O-O 6. b4 d6 7. Rb1 Nbd7 8. d3
Rb8 9. Nf3 b6 10. O-O Bb7 11. e4 Ng4 12. Ne2 e6 13. Ne1 Qe7 14. h3 Nge5 15. Nc2
f5 16. f4 Nc6 17. Be3 e5 18. fxe5 dxe5 19. Nc3 Nd4 20. Nd5 Bxd5 21. cxd5 Qd6
22. Qd2 Rbc8 23. bxc5 Rxc5 24. Nb4 Rc3 25. exf5 gxf5 26. Rbe1 Rxa3 27. Bxd4
exd4 28. Nc6 Bh6 29. Ne7+ Kh8 30. Qb2 Rxd3 31. Nxf5 Qg6 32. Re6 Rf6 33. Nxh6
Qxh6 34. Qb5 Rxf1+ 35. Kxf1 Qc1+ 36. Re1 Rd1 37. Rxd1 Qxd1+ 38. Kf2 Qd2+ 39.
Kg1 Qe3+ 40. Kh2 Qe7 41. Qc6 Ne5 42. Qc8+ Kg7 43. Be4 a5 44. Qf5 Ng6 45. h4 Qf6
46. Qd7+ Kh6 47. d6 a4 48. Qc7 a3 49. d7 a2 50. d8=Q Qxd8 51. Qxd8 a1=Q 52.
Qg5+ Kg7 53. h5 Qa5 54. Bd5 d3 55. h6+ 1-0

[Event "Elgoibar 01st"]
[Site "Elgoibar"]
[Date "1991.??.??"]
[Round "8"]
[White "Ubilava, Elizbar"]
[Black "Alvarez Ibarra, Rafael"]
[Result "1-0"]
[WhiteElo "2535"]
[BlackElo "2355"]
[PlyCount "97"]
[EventDate "1991.12.??"]
[EventType "tourn"]
[EventRounds "9"]
[EventCountry "ESP"]
[EventCategory "7"]
[SourceTitle "EXT 1997"]
[Source "ChessBase"]
[SourceDate "1996.11.15"]
[SourceVersion "1"]
[SourceVersionDate "1996.11.15"]
[SourceQuality "1"]

1. c4 Nf6 2. Nc3 d5 3. cxd5 Nxd5 4. Nf3 g6 5. e4 Nxc3 6. dxc3 Qxd1+ 7. Kxd1 f6
8. Be3 e5 9. Bc4 Nd7 10. Kc2 Bc5 11. Bh6 Bf8 12. Be3 Bc5 13. Rhe1 Bxe3 14. Rxe3
Ke7 15. Nd2 a5 16. h4 Nb6 17. Be2 Be6 18. a4 h5 19. g3 Nd7 20. f4 Rhd8 21. Bc4
Bxc4 22. Nxc4 Nb6 23. Nxb6 cxb6 24. fxe5 fxe5 25. Ra3 Rd6 26. Rb3 Rf8 27. Re2
Rf3 28. Rd2 Re6 29. Rd3 Rf2+ 30. Kd1 Rg2 31. Rb5 Rf6 32. Kc1 Rf1+ 33. Rd1 Rxd1+
34. Kxd1 Rxg3 35. Rxb6 Rg4 36. Rxb7+ Kf6 37. Rb6+ Kf7 38. b4 Rxe4 39. Rb5 g5
40. hxg5 h4 41. Rxa5 h3 42. Ra6 Rh4 43. Rf6+ Kg7 44. Rf1 Rf4 45. Rh1 Rf3 46.
Kd2 Kg6 47. a5 Kxg5 48. a6 Kf6 49. Kc2 1-0

[Event "Oviedo rapid45"]
[Site "Oviedo"]
[Date "1992.??.??"]
[Round "8"]
[White "Ubilava, Elizbar"]
[Black "Ochoa de Echaguen, Francisco Javier"]
[Result "1-0"]
[WhiteElo "2560"]
[BlackElo "2410"]
[PlyCount "55"]
[EventDate "1992.??.??"]
[EventType "swiss (rapid)"]
[EventRounds "11"]
[EventCountry "ESP"]
[SourceTitle "TD"]
[Source "ChessBase"]
[SourceDate "1994.03.01"]
[SourceVersion "1"]
[SourceVersionDate "1994.03.01"]
[SourceQuality "1"]

1. d4 f5 2. g3 Nf6 3. Bg2 d6 4. Nh3 c6 5. Nf4 e5 6. dxe5 dxe5 7. Qxd8+ Kxd8 8.
Nd3 Bd6 9. Nd2 Be6 10. e4 fxe4 11. Nxe4 Nxe4 12. Bxe4 Bd5 13. f3 Nd7 14. Bg5+
Kc7 15. O-O-O h6 16. Bd2 Bxa2 17. Ba5+ b6 18. Bb4 Bd5 19. Bxd6+ Kxd6 20. Nb4
Nf6 21. c4 Kc5 22. Na6+ Kxc4 23. Bd3+ Kb3 24. Bc2+ Kc4 25. b3+ Kb5 26. Bd3+ Ka5
27. b4+ Ka4 28. Kb2 1-0

[Event "Ponferrada op1"]
[Site "Ponferrada"]
[Date "1992.??.??"]
[Round "3"]
[White "Ubilava, Elizbar"]
[Black "Sanchez Guirado, Francisco Javier"]
[Result "1-0"]
[WhiteElo "2560"]
[BlackElo "2335"]
[PlyCount "67"]
[EventDate "1992.??.??"]
[EventType "swiss"]
[EventRounds "9"]
[EventCountry "ESP"]
[SourceTitle "EXT 2002"]
[Source "ChessBase"]
[SourceDate "2001.11.25"]
[SourceVersion "1"]
[SourceVersionDate "2001.11.25"]
[SourceQuality "1"]

1. d4 d5 2. c4 c6 3. cxd5 cxd5 4. Nc3 e5 5. Nf3 exd4 6. Nxd4 Nc6 7. Bf4 Bb4 8.
Ndb5 d4 9. a3 dxc3 10. axb4 cxb2 11. Nc7+ Ke7 12. Qxd8+ Nxd8 13. Rb1 Bf5 14. e4
Bxe4 15. Rxb2 Ne6 16. Nxa8 Nxf4 17. f3 Nf6 18. fxe4 Rxa8 19. g3 Ng6 20. Bh3 Ne5
21. O-O Ne8 22. b5 Nd6 23. Rc2 a5 24. Rc7+ Ke8 25. Rd1 Rd8 26. Rd5 Nf3+ 27. Kg2
Ne1+ 28. Kf1 Nf3 29. e5 Ne4 30. Rxd8+ Kxd8 31. Rd7+ Ke8 32. Rxb7 Nxe5 33. b6
Nc5 34. Rc7 1-0

[Event "Ponferrada op1"]
[Site "Ponferrada"]
[Date "1992.??.??"]
[Round "4"]
[White "Mendoza Contreras, Lucas Eduardo"]
[Black "Ubilava, Elizbar"]
[Result "0-1"]
[WhiteElo "2310"]
[BlackElo "2560"]
[PlyCount "88"]
[EventDate "1992.??.??"]
[EventType "swiss"]
[EventRounds "9"]
[EventCountry "ESP"]
[SourceTitle "EXT 2002"]
[Source "ChessBase"]
[SourceDate "2001.11.25"]
[SourceVersion "1"]
[SourceVersionDate "2001.11.25"]
[SourceQuality "1"]

1. d4 Nf6 2. c4 g6 3. Nc3 Bg7 4. e4 d6 5. Nf3 O-O 6. Be2 e5 7. dxe5 dxe5 8.
Qxd8 Rxd8 9. Bg5 Nbd7 10. O-O-O Rf8 11. Nd2 Nc5 12. Be3 Ne6 13. Nb3 b6 14. c5
Nf4 15. Bf1 Ng4 16. Bxf4 exf4 17. Rd2 Bxc3 18. bxc3 Be6 19. g3 f3 20. Nd4 Ne5
21. c6 Rad8 22. Bb5 Rd6 23. Rhd1 Bc4 24. Bxc4 Nxc4 25. Rd3 Ne5 26. Re3 Rfd8 27.
Ree1 a6 28. h3 Kf8 29. Kc2 Ke8 30. Rd2 Rf6 31. Red1 Nxc6 32. Nxc6 Rxd2+ 33.
Rxd2 Rxc6 34. Rd4 Ke7 35. Kd2 Rc5 36. Ra4 a5 37. Rd4 b5 38. Rd3 Rc4 39. Ke3 Ra4
40. Rd2 Ra3 41. Kd4 Kd6 42. Rb2 c5+ 43. Kd3 b4 44. Rc2 Ke5 0-1

[Event "Ibercaja op"]
[Site "Zaragoza"]
[Date "1992.??.??"]
[Round "?"]
[White "Sorin, Ariel"]
[Black "Ubilava, Elizbar"]
[Result "0-1"]
[WhiteElo "2415"]
[BlackElo "2560"]
[PlyCount "84"]
[EventDate "1992.04.??"]
[EventType "swiss"]
[EventRounds "9"]
[EventCountry "ESP"]
[SourceTitle "TD"]
[Source "ChessBase"]
[SourceDate "1994.03.01"]
[SourceVersion "1"]
[SourceVersionDate "1994.03.01"]
[SourceQuality "1"]

1. d4 Nf6 2. c4 g6 3. Nc3 Bg7 4. e4 d6 5. Be2 O-O 6. Bg5 Na6 7. f4 Qe8 8. Nf3
h6 9. Bh4 e5 10. fxe5 dxe5 11. Bxf6 Bxf6 12. d5 Be7 13. a3 Nb8 14. b4 b6 15.
Nb5 Bd8 16. O-O a6 17. Nc3 Be7 18. Kh1 Bd6 19. Ne1 Qe7 20. Nd3 Nd7 21. Rc1 a5
22. Qb3 Ba6 23. Bg4 Rfb8 24. Rf3 Nf6 25. Bh3 Nh7 26. Rf2 h5 27. g3 h4 28. Rcf1
hxg3 29. hxg3 Ng5 30. Bg4 Kg7 31. Rh2 Rh8 32. Rff2 Nh7 33. bxa5 bxa5 34. a4 Qg5
35. Bf3 Nf6 36. Rxh8 Rxh8+ 37. Kg2 Bc8 38. Ne2 Qe3 39. c5 Nxe4 40. cxd6 Nxf2
41. Ndc1 Bh3+ 42. Kg1 Nd3+ 0-1